Gimme a 'B' Quiz Stats

 Plays Quiz Updated Jul 14, 2016

Also try: Gimme an 'A'
Challenge
Share
Tweet
Embed
Score 0/32 Timer 08:00
4 Plays Today
Hint Answer % Correct
MonthsFebruary
97.9%
MonthsNovember
97.9%
MonthsOctober
97.8%
MonthsDecember
97.8%
MonthsSeptember
97.6%
Greek LettersBeta
85%
US President SurnamesBush
79.8%
'Friends' Character SurnamesBing
79.6%
European CountriesBelgium
73.4%
US President SurnamesObama
72.8%
Big 4 Leagues by AcronymNBA
66.1%
Brass Orchestral InstrumentsTuba
64.5%
Harry Potter BooksPrisoner of Azkaban
61.2%
Brass Orchestral InstrumentsTrombone
60.9%
Harry Potter BooksGoblet of Fire
60.3%
Harry Potter BooksChamber of Secrets
58.3%
Hint Answer % Correct
Big 4 Leagues by AcronymMLB
57.9%
Harry Potter BooksHalf-Blood Prince
57.5%
European CountriesBulgaria
57.4%
European CountriesBelarus
54.1%
Top 10 Websites (USA)Facebook
52.2%
European CountriesAlbania
51.4%
European CountriesBosnia and Herzegovina
50.7%
'Friends' Character SurnamesTribbiani
49.1%
'Friends' Character SurnamesBuffay
47.9%
European CountriesLuxembourg
47.6%
European CountriesSerbia
47.1%
US President SurnamesBuchanan
40.9%
Top 10 Websites (USA)Ebay
37.8%
US President SurnamesVan Buren
30.9%
Greek LettersLambda
28.7%
Top 10 Websites (USA)Youtube
24%

You're not logged in!

Compare scores with friends on all Sporcle quizzes.
Join for Free
OR
Log In

You Might Also Like...

Show Comments

Extras

Top Quizzes Today


Score Distribution

Your Account Isn't Verified!

In order to create a playlist on Sporcle, you need to verify the email address you used during registration. Go to your Sporcle Settings to finish the process.

Report this User

Report this user for behavior that violates our Community Guidelines.

Details: